Japonská ekonomika ve 21. století trendy a problémy

Na minha lista:
Detalhes bibliográficos
Autor principal: Stuchlíková, Zuzana
Formato: Livro
Idioma:tcheco
Publicado em: Praha Vysoká škola ekonomická v Praze - Nakladatelství Oeconomica 2014
Edição:1. vyd.
Assuntos:
Tags: Adicionar Tag
Sem tags, seja o primeiro a adicionar uma tag!

MARC

LEADER 00000nam a2200000 4500
001 0199592
005 20240313085928.3
020 |a 978-80-245-2030-8 
041 0 |a cze 
044 |a CZ 
245 1 0 |a Japonská ekonomika ve 21. století  |b trendy a problémy  |c Zuzana Stuchlíková 
250 |a 1. vyd. 
264 1 |a Praha  |b Vysoká škola ekonomická v Praze - Nakladatelství Oeconomica  |c 2014 
300 |a 287 s. 
610 2 0 |a hospodárstvo národné 
610 2 0 |a Japonsko 
610 2 0 |a rast hospodársky 
610 2 0 |a vývoj hospodársky 
100 1 |a Stuchlíková, Zuzana